Old Movies by Picture (1930's) - Statistics

General Stats
  • This quiz has been taken 37 times
  • The average score is 7 of 16
Answer Stats
Picture Answer % Correct
Gone with the Wind (Victor Fleming)
88%
The Wizard of Oz (Victor Fleming)
88%
M (Fritz Lang)
83%
Bringing up baby (Howard Hawks)
63%
It happened one night (Franck Capra)
63%
Modern Times (Charlie Chaplin)
63%
Holiday (George Cukor)
33%
39 steps (Alfred Hitchcock)
29%
My man Godfrey (Gregory LaCava)
29%
Ninotchka (Ernst Lubitsch)
29%
You can't take it with you (Franck Capra)
25%
The awful Truth (Leo McCarrey)
21%
Bluebeard's eightht wife (Ernst Lubitsch)
17%
Rules of the Game (Jean Renoir)
17%
La grande Illusion (Jean Renoir)
13%
Le Quai des brumes (Marcel Carné)
4%
No matching quizzes found
Score Distribution
Percent of People with Each Score
Percentile by Number Answered
Your Score History
You have not taken this quiz